Didáctica general: la práctica de la enseñanza en educación infantil, primaria y secundaria (Registro nro. 12161)

Detalles MARC
000 -Cabecera
Campo de control de longitud fija 00841nam a22002897a 4500
005 - Fecha y hora de la última transacción
Campo de control 20260422180023.0
008 - Elementos de longitud fija--Información general
Campo de control de longitud fija 190723b2008 xxu||||| |||| 00| 0 spa d
020 ## - International Standard Book Number
Número Internacional Estándar del Libro (ISBN) 9788448166373
041 ## - Idioma
Código de idioma Español
082 ## - Clasificación Decimal Dewey
Número de clasificación 371.102 H564d
100 ## - Entrada principal--Autor personal
Nombre personal Herrán Gascón, Agustín de la
9 (RLIN) 55003
100 ## - Entrada principal--Autor personal
Nombre personal Paredes Labra, Joaquín
9 (RLIN) 55004
245 ## - Título propiamente dicho
Título Didáctica general: la práctica de la enseñanza en educación infantil, primaria y secundaria
260 ## - Pie de imprenta
Lugar de publicación, distribución, etc. España
260 ## - Pie de imprenta
Nombre del editor, distribuidor, etc. McGraw-Hill
260 ## - Pie de imprenta
Fecha de publicación, distribución, etc. 2008
300 ## - Descripción física
Extensión 397 páginas
490 ## - Serie
Título de la Serie Temática General
650 ## - Materia general
Temática (materia general) MÉTODOS DE ENSEÑANZA
650 ## - Materia general
Temática (materia general) EDUCACIÓN PREESCOLAR
650 ## - Materia general
Temática (materia general) ENSEÑANZA PRIMARIA
650 ## - Materia general
Temática (materia general) ENSEÑANZA SECUNDARIA
650 ## - Materia general
Temática (materia general) EDUCACIÓN
650 ## - Materia general
Temática (materia general) CURRÍCULUM
650 ## - Materia general
Temática (materia general) METODOLOGÍA DIDÁCTICA
942 ## - Punto de acceso adicional KOHA
Tipo de ítem KOHA Libro
Fuente del sistema de clasificación o colocación Dewey Decimal Classification
Existencias
Signatura completa Código de barras Programa Académico Tipo de ítem
371.102 H564d 24470 Temática General Libro